| 000 | 00409nam a2200157Ia 4500 | ||
|---|---|---|---|
| 003 | GCL | ||
| 008 | 140319s9999 xx 000 0 eng d | ||
| 040 |
_aGCL / _cGCL |
||
| 082 | 0 | 4 |
_a739.77 _bG S |
| 100 | 1 | _aBAREL, FRANCE | |
| 245 | 1 | 0 |
_aTHE SPLENDOUR OF ETHNIC JEWELRY / _cBAREL, FRANCE |
| 260 |
_a[S.N] : _bTHAMES AND HUDSON ، _c1994 |
||
| 300 | _a255 P | ||
| 650 | 0 | 4 | _aAFRICA - JEWELRY |
| 942 |
_2ddc _cBK |
||
| 999 |
_c13794 _d13794 |
||